[Event "3rd Al Ain Chess Classic"]
[Site "Al-Ain UAE"]
[Date "2014.12.20"]
[Round "3.30"]
[White "Vaishali, R"]
[Black "Bakre, Tejas"]
[Result "0-1"]
[WhiteTitle "WFM"]
[BlackTitle "GM"]
[WhiteElo "2134"]
[BlackElo "2454"]
[WhiteFideId "5091756"]
[BlackFideId "5004195"]
[EventDate "2014.12.19"]

1. e4 c5 2. Nf3 d6 3. Bb5+ Nd7 4. c3 Nf6 5. Qe2 a6 6. Ba4 b5 7. Bc2 Bb7 8. d4 e5
9. O-O Be7 10. dxe5 dxe5 11. Rd1 Qc7 12. Nbd2 O-O 13. Nf1 c4 14. Nh4 Nc5 15. Ng3
g6 16. Bh6 Rfd8 17. Nf3 Ne6 18. b4 cxb3 19. Bxb3 Nf4 20. Qe1 Ng4 21. Bxf4 exf4
22. Nf1 Bc5 23. Nd4 Ne5 24. Rac1 Qb6 25. Qd2 Qf6 26. f3 b4 27. Kh1 Rac8 28. Bd5
Bxd5 29. exd5 Rxd5 30. cxb4 Rxd4 31. Rxc5 Rcd8 32. Qxd4 Rxd4 33. Rxd4 Nxf3 34.
Rd1 Ng5 35. Nd2 Qd8 36. Rcc1 Qb6 37. Nc4 Qxb4 38. Rf1 Ne6 39. Ne5 Qb2 40. Nd3
Qd4 41. Rcd1 Qa4 42. Rd2 g5 43. h4 h6 44. hxg5 hxg5 45. Ne5 Qa5 46. Re2 Nd4 47.
Ree1 Nf5 48. Kh2 Ne3 49. Rxe3 fxe3 50. Nf3 g4 51. Ng1 Qe5+ 52. g3 Qh5+ 53. Kg2
Qd5+ 54. Kh2 Qxa2+ 55. Kh1 Qf2 0-1

[Event "3rd Al Ain Chess Classic"]
[Site "Al-Ain UAE"]
[Date "2014.12.20"]
[Round "3.31"]
[White "Das, Sayantan"]
[Black "Sameir, Ramez"]
[Result "1-0"]
[WhiteTitle "IM"]
[WhiteElo "2444"]
[BlackElo "2128"]
[WhiteFideId "5034426"]
[BlackFideId "10606017"]
[EventDate "2014.12.19"]

1. e4 e6 2. d4 d5 3. Nc3 Bb4 4. e5 c5 5. a3 Bxc3+ 6. bxc3 Ne7 7. Nf3 Bd7 8. Bd3
c4 9. Be2 Ba4 10. h4 Nbc6 11. h5 h6 12. Bf4 Kd7 13. Rb1 b5 14. Nd2 Qa5 15. Rh3
Rab8 16. Bg4 Kc7 17. Rf3 Rbf8 18. Bg3 Nc8 19. Kf1 Nb6 20. Kg1 Kb7 21. Bh4 Ka8
22. Nf1 Nd7 23. Bh3 Rhg8 24. Qd2 Qc7 25. Rg3 Nb6 26. f4 Ne7 27. Ne3 g6 28. hxg6
Nxg6 29. Rxg6 Rxg6 30. f5 exf5 31. Bxf5 Rfg8 32. Qf2 a5 33. Rf1 Rc6 34. Qf3 Rd8
35. Bxd8 Qxd8 36. Nxd5 Nxd5 37. Be4 Ka7 38. Qxf7+ Rc7 39. Qxd5 Qxd5 40. Bxd5
Bxc2 41. e6 b4 42. axb4 axb4 43. Rf7 Kb6 44. e7 Ba4 45. Rf8 bxc3 46. Rb8+ Ka6
47. Ra8+ Ra7 48. e8=Q Bxe8 49. Rxe8 Rd7 50. Bxc4+ Ka5 51. Rc8 Rxd4 52. Kh2 Kb4
53. Bg8 Rd2 54. Kh3 c2 55. Bh7 Kb3 56. g4 h5 57. gxh5 Rd5 58. Bg8 1-0

[Event "3rd Al Ain Chess Classic"]
[Site "Al-Ain UAE"]
[Date "2014.12.20"]
[Round "3.32"]
[White "Pourramezanali, Amirreza"]
[Black "Raja, Harshit"]
[Result "1/2-1/2"]
[WhiteTitle "IM"]
[WhiteElo "2427"]
[BlackElo "2116"]
[WhiteFideId "12511412"]
[BlackFideId "5089000"]
[EventDate "2014.12.19"]

1. c4 c6 2. e4 d5 3. exd5 cxd5 4. d4 Nf6 5. Nc3 e6 6. Nf3 Bb4 7. cxd5 Nxd5 8.
Qc2 Nc6 9. Bd3 Be7 10. a3 Bf6 11. O-O h6 12. Rd1 O-O 13. Be4 Nce7 14. h4 Bd7 15.
g4 Nxc3 16. bxc3 g6 17. Bxh6 Bg7 18. Qd2 Bc6 19. Bxc6 Nxc6 20. Bxg7 Kxg7 21. Qf4
Qd5 22. Ne5 f6 23. Nxc6 Qxc6 24. c4 Rad8 25. Rac1 Rf7 26. Qe3 Qd7 27. Qg3 Qd6
28. Qxd6 Rxd6 29. Rd3 Rfd7 30. Rcd1 Rc7 31. c5 Rd5 32. Kf1 Kf8 33. Ke2 Ke8 34.
Re3 Kf7 35. f4 b6 36. cxb6 axb6 37. Rb3 Rc6 38. Ke3 Rcd6 39. Rb4 b5 40. Rdb1 Ra6
41. R1b3 Ra5 42. g5 f5 43. Rc3 Rd7 44. Rbb3 Ke7 45. Rc6 Rd6 46. Rc7+ Rd7 47. Rc6
Rd6 48. Rcc3 Rd5 49. Rd3 Ra8 50. Kf3 Rc8 51. Rb1 Rc4 52. Ke3 Ra4 53. Rc1 Ra8 54.
Rh1 Rh8 55. Rc3 Rhd8 56. Rd3 Rh8 57. Rh2 Rd6 58. Kf3 Rhd8 59. Rhd2 Kf7 60. Ke3
Rh8 61. Rh2 Ke7 62. Rc3 Rd7 63. Rh1 Rhd8 64. Rd3 Rh8 65. Kd2 Kd6 66. Kc3 Kd5 67.
Re3 Rc8+ 68. Kd3 Ra7 69. Re5+ Kd6 70. Ra1 b4 71. a4 Rc3+ 72. Kd2 Rh3 73. Rae1
Rh2+ 74. Kd3 Re7 75. Ra5 Rc7 76. Rc5 Rxc5 77. dxc5+ Kxc5 78. Rxe6 Rxh4 79. Rxg6
Rxf4 80. Rg8 Rg4 81. g6 Kb6 82. a5+ Ka7 83. Kc2 f4 84. Kb3 f3 85. Rf8 Rxg6 86.
Rxf3 Ka6 87. Ka4 b3 88. Rxb3 Rg4+ 89. Rb4 Rxb4+ 90. Kxb4 1/2-1/2

[Event "3rd Al Ain Chess Classic"]
[Site "Al-Ain UAE"]
[Date "2014.12.20"]
[Round "3.33"]
[White "Petrosyan, Manuel"]
[Black "Pujari, Rucha"]
[Result "1-0"]
[WhiteTitle "FM"]
[BlackTitle "WFM"]
[WhiteElo "2407"]
[BlackElo "2109"]
[WhiteFideId "13300857"]
[BlackFideId "5024528"]
[EventDate "2014.12.19"]

1. d4 d5 2. c4 e6 3. Nc3 Nf6 4. cxd5 exd5 5. Bg5 Be7 6. e3 c6 7. Bd3 Nbd7 8. Qc2
Nf8 9. Nf3 Ne6 10. Bh4 g6 11. h3 O-O 12. O-O-O b5 13. Ne5 Bb7 14. f4 Ng7 15. g4
Rc8 16. Kb1 c5 17. Bxf6 Bxf6 18. Bxb5 Bxe5 19. dxe5 Qb6 20. Bd7 d4 21. Na4 Qa5
22. Bxc8 Rxc8 23. Rh2 Ne6 24. Ka1 dxe3 25. Nc3 Nd4 26. Qd3 Bf3 27. Qxe3 Bxd1 28.
Nxd1 Qa4 29. Nc3 Nc2+ 30. Kb1 Nxe3 31. Nxa4 Rd8 32. Nc3 Rd4 33. Re2 Nd1 34. Ne4
c4 35. Kc2 Rd3 36. Rd2 Nxb2 37. Nc5 Rxd2+ 38. Kxd2 c3+ 39. Kc2 Kf8 40. Ne4 h5
41. gxh5 gxh5 42. Kxc3 Na4+ 43. Kd4 Kg7 44. Ng3 Kg6 45. f5+ Kh6 46. h4 Nb6 47.
Kc5 Nc8 48. a4 1-0

[Event "3rd Al Ain Chess Classic"]
[Site "Al-Ain UAE"]
[Date "2014.12.20"]
[Round "3.34"]
[White "Praggnanandhaa, R"]
[Black "Karavade, Eesha"]
[Result "0-1"]
[WhiteTitle "FM"]
[BlackTitle "IM"]
[WhiteElo "2104"]
[BlackElo "2392"]
[WhiteFideId "25059530"]
[BlackFideId "5012600"]
[EventDate "2014.12.19"]

1. e4 c5 2. Nf3 e6 3. Nc3 a6 4. a4 Nc6 5. d4 cxd4 6. Nxd4 Qc7 7. Nxc6 dxc6 8.
Bc4 Nf6 9. Qe2 Bd6 10. Bg5 Be5 11. h3 Qb6 12. Bb3 Qb4 13. Bxf6 gxf6 14. O-O Bxc3
15. bxc3 Qxc3 16. Rad1 Bd7 17. Rd3 Qc5 18. Rfd1 O-O-O 19. Qd2 Qe7 20. Qe3 c5 21.
Rd6 Bc6 22. Qxc5 Rxd6 23. Rxd6 Qc7 24. Rd4 Qe5 25. Qxe5 fxe5 26. Rd3 Rd8 27. Rf3
Rd7 28. Re3 Kc7 29. Kh2 Kb6 30. Kg3 Ka5 31. Kh4 Bxa4 32. Kg5 Bc6 33. Kf6 Kb4 34.
h4 a5 35. h5 a4 36. g4 a3 37. h6 Ba4 38. Ba2 Bxc2 39. g5 Rd2 40. Kxf7 Rxf2+ 41.
Kg7 Rg2 42. Kf6 Rg4 43. Bxe6 Rxe4 44. Rg3 Rf4+ 45. Kg7 b5 46. Bg8 Rf1 47. Rg2
Bb1 48. Bxh7 a2 49. Rb2+ Kc5 50. Rxb1 Rxb1 51. Bxb1 axb1=Q 52. h7 e4 53. h8=Q
Qb2+ 54. Kh7 Qxh8+ 55. Kxh8 e3 56. g6 e2 57. g7 e1=Q 58. g8=Q Qh4+ 59. Kg7 Qg5+
60. Kf8 Qxg8+ 0-1

[Event "3rd Al Ain Chess Classic"]
[Site "Al-Ain UAE"]
[Date "2014.12.20"]
[Round "3.35"]
[White "Sultan, Ibrahim"]
[Black "Lazarev, Vladimir"]
[Result "1/2-1/2"]
[WhiteTitle "FM"]
[BlackTitle "GM"]
[WhiteElo "2062"]
[BlackElo "2387"]
[WhiteFideId "9301143"]
[BlackFideId "4113250"]
[EventDate "2014.12.19"]

1. d4 Nf6 2. Nf3 d5 3. c4 e6 4. Nc3 dxc4 5. e3 a6 6. Bxc4 b5 7. Bd3 Bb7 8. O-O
c5 9. e4 cxd4 10. Nxd4 Nbd7 11. Bg5 Be7 12. Re1 Ne5 13. Bf1 O-O 14. Nf3 Nxf3+
15. gxf3 Qb8 16. Bg2 Bd6 17. h3 Be5 18. Qb3 Bc6 19. Rac1 Rc8 20. Ne2 Nh5 21.
Red1 Bf6 22. Bxf6 Nxf6 23. Nd4 Bb7 24. a4 bxa4 25. Qxa4 h6 26. Bf1 Qf4 27. Ra1
Rc5 28. Bg2 Rg5 29. Ra3 Rc8 30. Rb3 Rc1 31. Rxb7 Qd2 32. Rxc1 Qxc1+ 33. Kh2 Qf4+
34. Kh1 Qc1+ 35. Kh2 Qf4+ 36. Kh1 Qc1+ 37. Kh2 Qf4+ 38. Kh1 Qc1+ 1/2-1/2

[Event "3rd Al Ain Chess Classic"]
[Site "Al-Ain UAE"]
[Date "2014.12.20"]
[Round "3.36"]
[White "Abdyjapar, Asyl"]
[Black "Safarov, Zirva"]
[Result "1-0"]
[WhiteTitle "IM"]
[WhiteElo "2385"]
[BlackElo "2104"]
[WhiteFideId "13800337"]
[BlackFideId "13413040"]
[EventDate "2014.12.19"]

1. d4 g6 2. c4 Bg7 3. Nf3 d6 4. Nc3 Nd7 5. e4 e5 6. Be2 Ne7 7. O-O O-O 8. Be3 h6
9. dxe5 dxe5 10. Qc1 Kh7 11. Rd1 f5 12. Qc2 fxe4 13. Nxe4 Nf5 14. Bc5 Rf7 15.
Ng3 Qf6 16. Nxf5 gxf5 17. Be3 b6 18. g3 Nf8 19. c5 Ng6 20. Rac1 Be6 21. cxb6
axb6 22. a3 Rg8 23. h4 Bf8 24. Kf1 f4 25. gxf4 Kh8 26. fxe5 Bh3+ 27. Ke1 Nxe5
28. Bd4 Bd6 29. Nxe5 Bxe5 30. Bxe5 Qxe5 31. Qc3 Re8 32. Rd3 Bg2 33. Re3 Qxc3+
34. Rcxc3 Ref8 35. Re6 Rxf2 36. Rg3 Rxe2+ 37. Kxe2 Bf1+ 38. Ke3 Kh7 39. Re7+ Kh8
40. Rf3 Rxf3+ 41. Kxf3 c6 42. Kf4 Bc4 43. Ke5 b5 44. Rc7 Bd5 45. b4 Bf3 46. Kf6
Be4 47. Re7 Bd3 48. Re6 Kh7 49. Rxc6 h5 50. Kg5 1-0

[Event "3rd Al Ain Chess Classic"]
[Site "Al-Ain UAE"]
[Date "2014.12.20"]
[Round "3.37"]
[White "Nakhbayeva, Guliskhan"]
[Black "Bunyatov, Rustam"]
[Result "1-0"]
[WhiteTitle "WGM"]
[BlackTitle "CM"]
[WhiteElo "2378"]
[BlackElo "2077"]
[WhiteFideId "13704788"]
[BlackFideId "13410210"]
[EventDate "2014.12.19"]

1. d4 Nf6 2. Nf3 e6 3. c4 Bb4+ 4. Nc3 c5 5. g3 Nc6 6. Bg2 d6 7. O-O Bxc3 8. bxc3
e5 9. dxc5 dxc5 10. Qxd8+ Kxd8 11. Ba3 Be6 12. Bxc5 Nd7 13. Bd6 Bxc4 14. Rfb1
Ba6 15. Ng5 Ke8 16. Bd5 Nd8 17. Rb4 Nb6 18. Bf3 f6 19. Ne4 Nf7 20. a4 f5 21. Nc5
e4 22. Nxe4 fxe4 23. Rxe4+ Kd7 24. Bf4 Nc4 25. Rd1+ Ncd6 26. Bxd6 Nxd6 27. Red4
Kc7 28. Rxd6 Rhd8 29. Rxd8 Rxd8 30. Rxd8 Kxd8 31. e4 Ke7 32. Bd1 Kd6 33. Kg2 b5
34. Kf3 Kc5 35. axb5 Bxb5 36. Ke3 a5 37. Bb3 a4 38. Ba2 a3 39. Kd2 Ba4 40. f4
Bd7 41. Bd5 Kb5 42. Kc2 Ka4 43. Bb3+ 1-0

[Event "3rd Al Ain Chess Classic"]
[Site "Al-Ain UAE"]
[Date "2014.12.20"]
[Round "3.38"]
[White "Tagelsir, Abubaker"]
[Black "Abdulov, Orkhan"]
[Result "1/2-1/2"]
[WhiteTitle "FM"]
[BlackTitle "IM"]
[WhiteElo "2029"]
[BlackElo "2350"]
[WhiteFideId "12200875"]
[BlackFideId "13402714"]
[EventDate "2014.12.19"]

1. e4 e6 2. d4 d5 3. Nc3 dxe4 4. Nxe4 Be7 5. Nf3 Nf6 6. Ng3 O-O 7. Be2 c5 8. O-O
cxd4 9. Qxd4 Nc6 10. Qa4 a6 11. c4 Qc7 12. a3 Bd7 13. Qc2 Rac8 14. Be3 Ng4 15.
Ng5 Bxg5 16. Bxg5 Nd4 17. Qd1 Nxe2+ 18. Qxe2 Qxc4 19. Qxc4 Rxc4 20. Rfc1 Rfc8
21. Rxc4 Rxc4 22. Rd1 Be8 23. Rd8 Kf8 24. f3 Nf6 25. Rb8 Rc7 26. Bf4 Rd7 27. Be3
Rc7 28. Bf4 Rd7 29. Be3 Rc7 1/2-1/2

[Event "3rd Al Ain Chess Classic"]
[Site "Al-Ain UAE"]
[Date "2014.12.20"]
[Round "3.39"]
[White "Mosadeghpour, Masoud"]
[Black "Abtini, Hasan"]
[Result "1/2-1/2"]
[WhiteElo "2337"]
[BlackElo "1987"]
[WhiteFideId "12519278"]
[BlackFideId "7601506"]
[EventDate "2014.12.19"]

1. e4 c5 2. d4 cxd4 3. c3 d5 4. exd5 Qxd5 5. cxd4 Nc6 6. Nf3 e5 7. Nc3 Bb4 8.
Bd2 Bxc3 9. Bxc3 e4 10. Ne5 Nxe5 11. dxe5 Ne7 12. Qe2 O-O 13. Rd1 Qc6 14. Bb4
Re8 15. Bxe7 Rxe7 16. Rd8+ Re8 17. Rxe8+ Qxe8 18. Qxe4 Be6 19. Bd3 g6 20. Qxb7
Qd8 21. Be4 Rb8 22. Qxa7 Rxb2 23. O-O Rxa2 24. Qc5 Rd2 25. Bf3 Rd3 26. Re1 Qg5
27. Ra1 h5 28. Ra8+ Kh7 29. h4 Qh6 30. Qc7 Rd4 31. g3 Rc4 32. Qd8 Qg7 33. Qd6
Rc1+ 34. Kg2 Re1 35. Ra5 Qh6 36. Qb8 Qg7 37. Qb2 Qf8 38. Qd2 Rb1 39. Bxh5 Qc8
40. Bf3 Qc4 41. Bd1 Qc6+ 42. f3 Qb6 43. Ra3 Rxd1 44. Qxd1 Qb2+ 45. Kh1 Bh3 46.
Qg1 Qxa3 47. Kh2 Be6 48. Qf2 Qc3 49. Qe2 Bd5 50. Kg2 Qd4 51. Kh2 Bc4 52. Qc2 Bf1
53. h5 Qxe5 54. hxg6+ fxg6 55. Kg1 Bh3 56. Kh2 Bf5 57. Qa2 Be6 58. Qa7+ Kh6 59.
Qf2 Qc3 60. Qe2 Bf5 61. Kg2 Qc2 62. Qxc2 Bxc2 63. g4 Kg5 64. Kg3 Bd1 65. f4+ Kf6
66. Kh4 Bc2 67. Kg3 Bd1 68. Kh4 Be2 69. Kg3 1/2-1/2

[Event "3rd Al Ain Chess Classic"]
[Site "Al-Ain UAE"]
[Date "2014.12.20"]
[Round "3.40"]
[White "Firouzja, Alireza"]
[Black "Derakhshani, Borna"]
[Result "1/2-1/2"]
[BlackTitle "CM"]
[WhiteElo "2332"]
[BlackElo "1979"]
[WhiteFideId "12573981"]
[BlackFideId "12518450"]
[EventDate "2014.12.19"]

1. e4 e5 2. Nf3 Nc6 3. Bc4 Bc5 4. c3 Nf6 5. d3 a6 6. O-O Ba7 7. h3 h6 8. Re1 d6
9. Bb3 O-O 10. Nbd2 Ne7 11. Nf1 Ng6 12. Ng3 Be6 13. d4 Nh7 14. Be3 Ng5 15. Nxg5
hxg5 16. Bxe6 fxe6 17. Qg4 Nf4 18. Bxf4 gxf4 19. Qxe6+ Kh7 20. Nf5 Qg5 21. Qd7
f3 22. g3 exd4 23. Nxd4 Rf6 24. Qxc7 Rg6 25. Qf7 Rf6 26. Qxb7 Qh5 27. e5 Qxh3
28. Qe4+ Kg8 29. Qxa8+ Kh7 30. Qe4+ Kg8 31. Qd3 1/2-1/2

[Event "3rd Al Ain Chess Classic"]
[Site "Al-Ain UAE"]
[Date "2014.12.20"]
[Round "3.41"]
[White "Amer, Mohammed Bishara"]
[Black "Soumya, Swaminathan"]
[Result "0-1"]
[BlackTitle "WGM"]
[WhiteElo "1955"]
[BlackElo "2330"]
[WhiteFideId "12200719"]
[BlackFideId "5016193"]
[EventDate "2014.12.19"]

1. e4 c5 2. Nf3 d6 3. d4 cxd4 4. Nxd4 Nf6 5. Nc3 Nc6 6. Be2 g6 7. O-O Bg7 8. Be3
O-O 9. h3 Bd7 10. Bd3 Nxd4 11. Bxd4 Bc6 12. Qe1 Re8 13. Nd1 e5 14. Bc3 d5 15. f3
b5 16. Qh4 dxe4 17. fxe4 Nxe4 18. Qxd8 Raxd8 19. Ba5 Rd7 20. Nf2 Nxf2 21. Kxf2
e4 22. Be2 Bxb2 23. Rab1 Bd4+ 24. Kg3 a6 25. c4 bxc4 26. Bxc4 Be5+ 27. Kf2 e3+
28. Kg1 Bg3 29. Be1 e2 30. Rxf7 Rxf7 31. Bxf7+ Kxf7 32. Bxg3 Rd8 33. Re1 Rd1 34.
Kh2 Bb5 35. Bf2 Rd2 36. a3 Rd1 37. g4 Ke6 38. Kg2 Kd5 39. h4 Ke4 40. g5 Kd5 0-1

[Event "3rd Al Ain Chess Classic"]
[Site "Al-Ain UAE"]
[Date "2014.12.20"]
[Round "3.42"]
[White "Rafee, Mohd Hayel"]
[Black "Lodhi, Mahmood"]
[Result "1/2-1/2"]
[BlackTitle "IM"]
[WhiteElo "1931"]
[BlackElo "2328"]
[WhiteFideId "7603126"]
[BlackFideId "7800010"]
[EventDate "2014.12.19"]

1. e4 e5 2. Nf3 Nc6 3. Bb5 a6 4. Bxc6 dxc6 5. O-O Bg4 6. h3 Bxf3 7. Qxf3 Ne7 8.
d3 Ng6 9. Nd2 Be7 10. Nc4 O-O 11. Ne3 c5 12. Qg4 Bg5 13. Nf5 Bxc1 14. Raxc1 Qf6
15. Rce1 Nf4 16. Re3 h5 17. Qd1 g6 18. g3 Ne6 19. Nh4 Rad8 20. b3 b5 21. Qa1 Nd4
22. Qc3 Qe7 23. Kg2 Kh7 24. f4 exf4 25. Rxf4 Qe5 26. Re1 f6 27. Qd2 Ne6 28. Rf2
Ng5 29. Qe2 c4 30. bxc4 bxc4 31. Rf5 cxd3 32. Rxe5 dxe2 33. Re7+ Rf7 34. Rxf7+
Nxf7 35. Rxe2 Rd4 36. Nf3 Rc4 37. Rd2 Kg8 38. Nd4 Ne5 39. Kf2 Kf7 40. Ke3 Rc3+
41. Kf2 Ra3 42. c4 Rc3 43. Rc2 Rxc2+ 44. Nxc2 Nxc4 45. Ke2 Ke6 46. Kd3 Ne5+ 47.
Kd4 Kd6 48. Ne3 c6 49. Ng2 c5+ 50. Kc3 Nf3 51. Nf4 h4 52. gxh4 Nxh4 53. Kc4 g5
54. Nd3 Ng6 55. Nxc5 Nf4 56. Nxa6 Nxh3 57. Kd4 Nf4 58. Nb4 Ne6+ 59. Ke3 Nc5 60.
Nd5 Ke5 61. Nc3 g4 62. a4 1/2-1/2

[Event "3rd Al Ain Chess Classic"]
[Site "Al-Ain UAE"]
[Date "2014.12.20"]
[Round "3.43"]
[White "Gholami, Aryan"]
[Black "Elmejbri, Ali A."]
[Result "1-0"]
[WhiteTitle "FM"]
[BlackTitle "FM"]
[WhiteElo "2320"]
[BlackElo "1954"]
[WhiteFideId "12513342"]
[BlackFideId "9200398"]
[EventDate "2014.12.19"]

1. d4 Nf6 2. Nf3 b5 3. e4 Nxe4 4. Bxb5 e6 5. O-O Be7 6. Bd3 Bb7 7. c4 Nf6 8. Nc3
O-O 9. Bc2 d5 10. c5 Ba6 11. Re1 Nbd7 12. b4 Rb8 13. Rb1 Bc4 14. Nd2 Ba6 15. b5
Bc8 16. Nb3 Ra8 17. a4 Re8 18. Na2 a6 19. Nb4 Nb8 20. Bd3 axb5 21. axb5 Bf8 22.
Bf4 Ra4 23. Nc2 Nfd7 24. Ra1 Rxa1 25. Qxa1 e5 26. Bxe5 Nxe5 27. dxe5 Nd7 28. Qd4
Qg5 29. f4 Qh6 30. Ne3 Qh4 31. g3 Qe7 32. Rc1 Nf6 33. Re1 Ng4 34. Nxd5 Qd8 35.
Qe4 f5 36. Qf3 Bd7 37. Bc4 Kh8 38. Rd1 Qb8 39. h3 Nh6 40. Nc3 Be6 41. Bxe6 Rxe6
42. Qd5 Rg6 43. Kf2 Qa7 44. Ra1 Qb8 45. Ra8 1-0

[Event "3rd Al Ain Chess Classic"]
[Site "Al-Ain UAE"]
[Date "2014.12.20"]
[Round "3.44"]
[White "Kursova, Maria"]
[Black "Walid, Anwar"]
[Result "1-0"]
[WhiteTitle "WGM"]
[WhiteElo "2305"]
[BlackElo "1919"]
[WhiteFideId "4129709"]
[BlackFideId "9302271"]
[EventDate "2014.12.19"]

1. d4 Nf6 2. Nf3 e6 3. c4 b6 4. g3 Bb7 5. Bg2 Bb4+ 6. Nbd2 O-O 7. O-O d5 8. Ne5
Nbd7 9. Ndf3 Be7 10. Qa4 Nxe5 11. Nxe5 c5 12. dxc5 Bxc5 13. Bg5 Be7 14. Rac1 h6
15. Bxf6 Bxf6 16. Nd7 Re8 17. cxd5 exd5 18. Nxf6+ Qxf6 19. Rc7 Re7 20. Rxb7 Rxb7
21. Bxd5 Qe7 22. Qe4 Qxe4 23. Bxe4 Rab8 24. Bxb7 Rxb7 25. Rc1 Kf8 26. g4 Ke7 27.
Kg2 Kd6 28. h4 f6 29. Kf3 Re7 30. Rc3 Re5 31. Rd3+ Kc7 32. Re3 Ra5 33. Re7+ Kd6
34. Rxg7 Rxa2 35. b4 Ra4 36. h5 Ke6 37. Rh7 Rxb4 38. Rxa7 f5 39. gxf5+ Kxf5 40.
Rg7 Rh4 41. Rg6 Rh3+ 42. Kg2 Rxh5 43. Rxb6 Rh4 44. Rb5+ Kg6 45. Kf3 Ra4 46. e4
Ra8 47. Kg3 Re8 48. f3 h5 49. Kh4 Rf8 50. Rg5+ 1-0

[Event "3rd Al Ain Chess Classic"]
[Site "Al-Ain UAE"]
[Date "2014.12.20"]
[Round "3.45"]
[White "Ahmadzada, Ahmad"]
[Black "Thakur, Akash"]
[Result "0-1"]
[WhiteTitle "CM"]
[BlackTitle "FM"]
[WhiteElo "1912"]
[BlackElo "2302"]
[WhiteFideId "13413007"]
[BlackFideId "5008514"]
[EventDate "2014.12.19"]

1. e4 e5 2. Nf3 Nc6 3. Bb5 a6 4. Ba4 Nf6 5. Qe2 b5 6. Bb3 Be7 7. O-O O-O 8. c3
d5 9. d3 Re8 10. Bg5 Be6 11. Nbd2 h6 12. Bxf6 Bxf6 13. Rfd1 Na5 14. Bc2 c5 15.
d4 cxd4 16. cxd4 Bg4 17. h3 Bxf3 18. Nxf3 exd4 19. e5 g6 20. Rxd4 Nc6 21. Rdd1
Nxe5 22. Nxe5 Bxe5 23. Qd2 Bxb2 24. Rab1 Qf6 25. Bb3 Bc3 26. Qxd5 Rad8 27. Qc5
Bd4 28. Qc2 Rc8 29. Qd2 Bb6 30. Re1 Kg7 31. Rbd1 a5 32. a4 Rxe1+ 33. Rxe1 Rc3
34. Bxf7 Rd3 35. Qxd3 Qxf2+ 36. Kh1 Qxe1+ 37. Kh2 Bg1+ 38. Kh1 Bf2+ 0-1

[Event "3rd Al Ain Chess Classic"]
[Site "Al-Ain UAE"]
[Date "2014.12.20"]
[Round "3.46"]
[White "Abdulla, Khayala"]
[Black "Suhail, Sokari"]
[Result "1/2-1/2"]
[WhiteTitle "WIM"]
[WhiteElo "2299"]
[BlackElo "1912"]
[WhiteFideId "13401807"]
[BlackFideId "7604530"]
[EventDate "2014.12.19"]

1. e4 c5 2. Nf3 Nc6 3. d4 cxd4 4. Nxd4 Nf6 5. Nc3 d6 6. Be2 a6 7. O-O g6 8. Nb3
b5 9. Re1 Bg7 10. Bf1 O-O 11. Bg5 Be6 12. Nd5 Re8 13. a4 b4 14. Qd2 Nd7 15. Nxb4
Nxb4 16. Qxb4 Bxb2 17. Rab1 Bg7 18. Nd4 Nc5 19. Nxe6 Nxe6 20. Be3 Qc7 21. Bb6
Qc6 22. Bc4 Nc7 23. Red1 a5 24. Qb3 e6 25. Qd3 Reb8 26. Qxd6 Qxc4 27. Qxc7 Qxe4
28. Bxa5 Rxb1 29. Rxb1 Be5 30. Qc5 Bd4 31. Qc7 Be5 32. Qc5 Bd4 33. Qc7 Be5 34.
Qc5 1/2-1/2

[Event "3rd Al Ain Chess Classic"]
[Site "Al-Ain UAE"]
[Date "2014.12.20"]
[Round "3.47"]
[White "Ahmed, Fareed"]
[Black "Gasimov, Parviz"]
[Result "1/2-1/2"]
[BlackTitle "CM"]
[WhiteElo "1911"]
[BlackElo "2295"]
[WhiteFideId "9303677"]
[BlackFideId "13408798"]
[EventDate "2014.12.19"]

1. e4 c5 2. Nf3 Nc6 3. d4 cxd4 4. Nxd4 g6 5. Nc3 Bg7 6. Be3 Nf6 7. Bc4 O-O 8.
Bb3 d6 9. f3 Nxd4 10. Bxd4 Be6 11. Qd2 Qa5 12. O-O-O Rfc8 13. Kb1 Bxb3 14. cxb3
b5 15. Bxf6 Bxf6 16. Nd5 Qxd2 17. Nxf6+ Kg7 18. Nh5+ gxh5 19. Rxd2 Rc5 20. Rc1
Rac8 21. Rxc5 Rxc5 22. b4 Re5 23. Kc2 f5 24. Kd3 Kf6 25. Kd4 Ke6 26. Rc2 fxe4
27. fxe4 Rg5 28. g3 h4 29. gxh4 Rh5 30. Rc7 Rxh4 31. Rxa7 Rxh2 32. Ra5 Rxb2 33.
Rxb5 Rxa2 34. Rh5 1/2-1/2

[Event "3rd Al Ain Chess Classic"]
[Site "Al-Ain UAE"]
[Date "2014.12.20"]
[Round "3.48"]
[White "Mohannad, Farhan"]
[Black "Ahadzade, Kanan"]
[Result "1/2-1/2"]
[WhiteTitle "FM"]
[WhiteElo "2281"]
[BlackElo "1909"]
[WhiteFideId "8100918"]
[BlackFideId "13405640"]
[EventDate "2014.12.19"]

1. d4 g6 2. e4 Bg7 3. c4 Nc6 4. Nf3 d6 5. Be2 e5 6. d5 Nce7 7. Nc3 f5 8. exf5
Nxf5 9. h4 Nf6 10. h5 Qe7 11. h6 Bf8 12. Bg5 Qf7 13. Qd2 Ng4 14. Ne4 Be7 15. c5
O-O 16. cxd6 Nxd6 17. Nxd6 cxd6 18. Bxe7 Qxe7 19. Qg5 Qf7 20. Qh4 Qf4 21. Qe7
Qb4+ 22. Kf1 Rf7 23. Qe8+ Rf8 24. Qe7 Rf7 25. Qd8+ Rf8 1/2-1/2

[Event "3rd Al Ain Chess Classic"]
[Site "Al-Ain UAE"]
[Date "2014.12.20"]
[Round "3.49"]
[White "Puranik, Abhimanyu"]
[Black "Mayed, AlRashedi"]
[Result "1-0"]
[WhiteTitle "CM"]
[BlackTitle "FM"]
[WhiteElo "2255"]
[BlackElo "1908"]
[WhiteFideId "5061245"]
[BlackFideId "9303871"]
[EventDate "2014.12.19"]

1. e4 e5 2. Nf3 Nc6 3. Bb5 a6 4. Ba4 Nf6 5. d3 b5 6. Bb3 Bb7 7. O-O Be7 8. Re1
O-O 9. h3 d6 10. c3 Na5 11. Bc2 c5 12. Nbd2 Nc6 13. Nf1 Re8 14. Ng3 Bf8 15. d4
cxd4 16. cxd4 exd4 17. Nxd4 Nxd4 18. Qxd4 h6 19. Bf4 Qc7 20. Rac1 Qc4 21. Qxc4
bxc4 22. Ba4 Rec8 23. Rcd1 Rd8 24. Bd2 a5 25. Bc3 Nd7 26. Bb5 d5 27. exd5 Nb6
28. Bc6 Bxc6 29. dxc6 Rdc8 30. Nf5 Na4 31. Re3 g6 32. Nd4 Bg7 33. Re7 Bf6 34.
Rb7 Nxc3 35. bxc3 Bxd4 36. Rxd4 Rxc6 37. Rf4 f5 38. Rd4 h5 39. Rdd7 Re8 40. Kh2
Rce6 41. Kg3 Re2 42. a4 R8e6 43. Rdc7 R2e4 44. f3 h4+ 45. Kh2 Re1 46. Rg7+ Kh8
47. Rh7+ Kg8 48. Rxh4 Rc6 49. Rd4 Re8 50. Kg3 1-0

[Event "3rd Al Ain Chess Classic"]
[Site "Al-Ain UAE"]
[Date "2014.12.20"]
[Round "3.50"]
[White "Ali Rashid, Ali"]
[Black "Mirzoeva, Elmira"]
[Result "1-0"]
[BlackTitle "WGM"]
[WhiteElo "1799"]
[BlackElo "2246"]
[WhiteFideId "9304762"]
[BlackFideId "4127951"]
[EventDate "2014.12.19"]

1. d4 d5 2. Nf3 Nf6 3. c4 e6 4. g3 Bb4+ 5. Bd2 Be7 6. Bg2 O-O 7. O-O b6 8. Nc3
Bb7 9. Rc1 Nbd7 10. Ne5 c5 11. Bf4 cxd4 12. Qxd4 Bc5 13. Qd2 Nxe5 14. Bxe5 Ne4
15. Qc2 f6 16. Bf4 Nxc3 17. bxc3 g5 18. Bd2 Qe7 19. cxd5 Bxd5 20. Bxd5 exd5 21.
e3 Qe4 22. Qb3 Qc4 23. Rcd1 a5 24. Bc1 a4 25. Qb1 Rad8 26. Rd2 f5 27. Rfd1 Rd6
28. Qd3 Qxd3 29. Rxd3 Rfd8 30. Kg2 Kf7 31. Kf3 Ke6 32. h3 Rf8 33. Rf1 h5 34. Rh1
Rd7 35. h4 g4+ 36. Ke2 Ra8 37. Bd2 Rd6 38. Rb1 Kd7 39. Bc1 Kc6 40. Kd2 Ra5 41.
Kc2 Rb5 42. Rd1 Rxb1 43. Kxb1 Kb5 44. Kc2 Kc4 45. Bd2 Rd7 46. Be1 Ra7 47. Rb1
Ra8 48. Bd2 Re8 49. Be1 f4 50. gxf4 g3 51. fxg3 Rxe3 52. Kd1 a3 53. Rc1 Kd3 54.
f5 Rf3 55. Rc2 Be3 56. c4 dxc4 57. Rc3+ Kd4 58. Ke2 Rxf5 59. Rxe3 b5 60. Rxa3
Re5+ 61. Kd2 b4 62. Bf2+ Kd5 63. Ra5+ Ke4 64. Rxe5+ Kxe5 65. Bc5 c3+ 66. Kc2 Ke4
67. Bxb4 Kf3 68. Bd6 1-0